000 00173nam a22000977a 4500
082 _a001
_bEVE/A
100 _aEVERGREEN
245 _aALL IN ONE
650 _aG K
942 _cBK
999 _c9038
_d9038